Britannicus

Guardat en:
Dades bibliogràfiques
Autor principal: Racine, Jean
Format: Llibre
Idioma:Undetermined
Publicat: París, Francia Bordas 1967
Matèries:
Etiquetes: Afegir etiqueta
Sense etiquetes, Sigues el primer a etiquetar aquest registre!

MARC

LEADER 00000nam a2200000Ia 4500
008 170316s9999 xx 000 0 und d
040 |a cru BVZT 
090 |a 840 R-2br 
100 |a Racine, Jean 
245 |a Britannicus 
260 |a París, Francia 
260 |b Bordas 
260 |c 1967 
300 |a 126 páginas 
650 |a LITERATURA FRANCESA 
999 |c 7929  |d 7929 
942 |c 15 D  |h 840 R-2br  |2 z